000 00503nam a2200193Ia 4500
020 _a14058-46714
082 _a346.022 ELL
100 _aELLIOTT, Catherine
_9471
245 _aContract Law
250 _a6ed
260 _aHarlow:
_bPearson Education
_c2007
260 _bPearson Education
260 _c2007
300 _axxxi,400p.:ill.;25cm.
_bill.;25cm
500 _aIncludes Index and Glossary
650 _aContract-EnglandContract-Wales
_9472
700 _aQUINN Frances
_9473
942 _cBK
999 _c21341
_d21341